Scot or Not Quiz Stats

Quiz Updated Apr 19, 2013

Challenge
Share
Tweet
This quiz is based solely on birthplace.
Score 0/30 Timer 06:00
3 Plays Today
Person S or N? % Correct
Ewan McGregor???
94.8%
Paul McCartney???
90.7%
Seth MacFarlane???
89%
Colin McRae???
86.6%
William McKinley???
84.7%
Steve McQueen???
84.1%
Elle Macpherson???
83.9%
John McEnroe???
82.9%
MacBeth???
82.7%
Ally McCoist???
79.8%
Shirley MacLaine???
77.1%
Don McLean???
76.8%
William McTaggart???
75.9%
Charles Macintosh???
74.1%
Liz McColgan???
68.4%
Person S or N? % Correct
Colin Maclaurin???
68%
J. J. R. Macleod???
67.1%
Kirkpatrick Macmillan???
64.9%
John McVie???
64.8%
John McAdam???
61.8%
Harold Macmillan???
59.9%
John McIntosh???
59%
Ant McPartlin???
58.4%
Glenn McGrath???
57.2%
Bruce McLaren???
54.4%
Ramsay MacDonald???
51.8%
Sir Ian McKellen???
51.4%
Dame Ellen MacArthur???
46.1%
Sir John A. MacDonald???
29.6%
Jim McCormick???
23.3%

You're not logged in!

Compare scores with friends on all Sporcle quizzes.
Sign Up with Email
OR
Log In

You Might Also Like...

Show Comments

Extras

Top Quizzes Today


Score Distribution

Your Account Isn't Verified!

In order to create a playlist on Sporcle, you need to verify the email address you used during registration. Go to your Sporcle Settings to finish the process.